| 000 | 00676nam a2200217Ia 4500 | ||
|---|---|---|---|
| 001 | 7075 | ||
| 003 | GE_BSU | ||
| 008 | 181216s||||||||xx |||||||||||||| ||und|| | ||
| 040 | _cGE_BSU | ||
| 080 | _a514.12(075.8)(076.1) | ||
| 100 | _aАргунов,Б.И. | ||
| 245 | _aЗадачник-практикум по аналитической геометрии | ||
| 245 | _cРед. В.С. Капустина | ||
| 260 | _aМосква | ||
| 260 | _bПросвещение | ||
| 260 | _c1968 | ||
| 300 | _a167стр. 21см. | ||
| 653 | _aГеометрия | ||
| 653 | _aЗадачник-практикум по аналитической геометрии | ||
| 942 | _cBK | ||
| 999 |
_c40465 _d40465 |
||